| 000 | 00848nam a22002175i 4500 | ||
|---|---|---|---|
| 001 | 157725 | ||
| 003 | ES-MaACL | ||
| 005 | 20250723094640.0 | ||
| 008 | 000125s1847 fr |||| | fre d | ||
| 040 |
_aM-RACE _bspa _cM-RACE _dCCPB | B |
||
| 100 | 1 |
_aLiebig, Justus von. _9128946 |
|
| 245 | 1 | 0 |
_aLettres sur la Chimie considereé dans ses aplications a l'Industrie, a la Physiologie et à l'Agriculture / _cpar Justus Liebig. |
| 250 |
_aNouvelle éd. française _bpubliée par Charles Gerhard. |
||
| 260 |
_aParis : _bVictor Masson : _bCharpentier, _c1847. |
||
| 300 |
_aIV, 248 p. ; _c18 cm. |
||
| 650 | 0 | 7 |
_aQuímica _2embne _916625 |
| 700 | 1 | 1 |
_aGerhardt, Charles, _eed. lit. _956447 |
| 852 |
_aES-MaACL _jG-9243 _z-- Enc. hol. _z-- Posible duplicado CCPB000452926-X y CCPB000376054-5 |
||
| 999 |
_c157725 _d157725 |
||